Quiz Cinéma Français "Les Bronzés font du Ski" - Statistiques

Statistiques générales
  • Ce quiz a été pris 557 fois
  • Le résultat moyen est 10 sur 15
Statistiques - réponses
Hint Réponse % Correct
Complétez cette célèbre phrase "Quand te reverrais-je, pays..." ? Merveilleux
96%
Quel animal est emmené au cabinet de Jérôme ? Cochon
88%
Quel acteur interprète Jean-Claude Duss ? Michel Blanc
88%
Quel acteur incarne Popeye ? Thierry Lhermitte
88%
Que demande le client à manger au restaurant de Gigi ? crêpe au sucre
86%
Quel célèbre jeu est jeter par la fenêtre par Bernard ? Scrabble
86%
Quel animal est emprisonné dans la célèbre liqueur ? Crapaud
80%
Quelle actrice interprète Nathalie ? Josiane Balasko
69%
Quel objet Bernard doit-il se débarasser pour gravir la falaise ? Gourmette
61%
Complétez cette célèbre phrase "Flexion, piqué du baton, ..." ? Extension
60%
Comment s'appelle le personnage jouer par Christian Clavier ? Jérôme
56%
De quelle ville vient la bouteille de vin emmener par Marius pour la fondue ? Bordeaux
44%
Qui a réalisé le film "Les Bronzés font du Ski" ? Patrice Leconte
44%
Dans quelle station de ski les bronzés se retrouvent-ils ? Val d'Isère
40%
Quel célèbre chanteur à composer la musique du film ? Pierre Bachelet
33%
Aucun quiz correspondant
Distribution des résultats
% des personnes avec chaque résultat
Percentile par nombre de réponses
Votre historique - résultats
Vous n’avez pas pris ce quiz